000 00888cad a22002415a 4500
001 L158940
008 121219e2015 xxk 000 0 eng d
035 _a(Sirsi) u158940
041 0 _aeng
100 1 _aStockey, Graham
245 0 0 _aGoing for gold
_h[electronic resource]
260 _c2015
490 _aRICS Property Journal
_vNovember 2015, 8-9(2)
520 _aExplains the work of the valuer registration review team, and how firms can ensure they comply with the necessary standards.
650 2 4 _aRICS VALUER REGISTRATION SCHEME
650 2 4 _aRICS VALUATION STANDARDS
650 2 4 _aRISK ASSESSMENT
651 4 _aUnited Kingdom
_y
690 _aValuation
_96273
710 _aRoyal Institution of Chartered Surveyors
_94900
856 4 0 _uhttps://www.rics.org/uk/news/journals/property-journal
_zView the journal free of charge at www.rics.org/journals...
942 _n0
999 _c84741
_d84741